Life is Strange - Statistiques

Statistiques générales
  • Ce quiz a été pris 18 fois
  • Le résultat moyen est 12 sur 35
Statistiques - réponses
Hint Réponse % Correct
Répartie Chloe Price
90%
Rembobinage Max Caulfield
90%
Tueur en série Mark Jefferson
60%
Agent de sécurité de Blackwell David Madsen
50%
Drogué amoureux de Rachel Frank Bowers
50%
Mère de Chloe Joyce Price
50%
Membre du Vortex Club/Tueur de Rachel Nathan Prescott
50%
Chien aimé de Frank Pompidou
50%
Pom-pom-girl de Blackwell Dana Ward
40%
Innocente Kate Marsh
40%
Ombre mystérieuse Rachel Amber
40%
La harceleuse Victoria Chase
40%
Nerd qui espionne Max a travers la fenêtre des dortoirs Warren Graham
40%
Père de Chloe, décédé d'un accident de voiture William Price
40%
Barmaid qui a un crush sur Max Amanda Thomas
30%
Journaliste de Blackwell Juliet Watson
30%
Skateur Justin Williams
30%
Plagieur Lucas Colmenero
30%
Etudiante suicidée suite au plagiat Maya Okada
30%
Astrophysicien Moses Murphy
30%
Agente de sécurité de Caledon Noelle
30%
Professeur de science de Blackwell Professeure Grant
30%
Proviseur de Blackwell Ray Wells
30%
Membre d'Abraxas Vinh Lang
30%
étudiante amoureuse de Moses Diamond Washington
20%
Professeure de Caledon accusée de possession de drogue Gwen Hunter
20%
Etudiante podcasteuse de Caledon/Casse-pied Loretta Rice
20%
Metamorphose Safi Llewellyn-Fayad
20%
Père de Nathan Sean Prescott
20%
bras gauche de Victoria Taylor Christensen
20%
Accolyte de Justin Trevor
20%
Présidente de Caledon Yasmin Fayad
20%
bras droit de Victoria Courtney Wagner
10%
Homme à tout faire de Blackwell amateur d'écureuils Samuel Taylor
10%
Policier compétent opiniatre Vince Alderman
10%
Aucun quiz correspondant
Distribution des résultats
% des personnes avec chaque résultat
Percentile par nombre de réponses
Votre historique - résultats
Vous n’avez pas pris ce quiz